000 00511nam a2200181Ia 4500
005 20250508153136.0
008 008 250505s9999 xx 000 0 eng d
037 _aTextual
040 _aFEDL
_beng
_cFEDL
041 _aeng
_2eng
084 _a370.193, COR
_qFEDL
100 _aCormack Margaret L.
_994108
245 0 _aShe who rides a peacock
260 _aBombay, India
_bAsia Publishing House
_c1961
300 _axiii,264p.
942 _cTEXL
_h370.193, COR
999 _c1340889
_d1340889